000 00725nam a2200241Ia 4500
003 OSt
005 20220926032315.0
006 a|||||r|||| 00| 0
007 ta
008 220923b |||||||| |||| 00| 0 eng d
020 _c
_2850
037 _b187, 10/08/1987, S.B.D.
_cGeneral Book
040 _aRTL
_cRTL
_beng
041 _2eng
_aeng
082 _aX62.1.N8, M7
100 _aMullineux A.W.
_9312757
245 0 _aInternational money and banking
_b The creation of
260 _aSussax
_bWheatsheaf books
_c1987
300 _axii, 207p. Bib p 193-200
_ccm.
650 _aBanking
942 _hX62.1.N8, M7
_cGB
_2CC
999 _c654369
_d654369